| 000 | 01112nam a22003137a 4500 | ||
|---|---|---|---|
| 003 | CHAP | ||
| 005 | 20220329141116.0 | ||
| 008 | 971014s1995 r 00010 d | ||
| 010 | _a62697 | ||
| 011 | _a63669 | ||
| 035 | _a67846 | ||
| 040 | _cCHAP | ||
| 082 |
_a370.0972 _bQ8 |
||
| 100 | 0 | 0 |
_aQuintanilla, Susana _ecoord. _993410 |
| 245 | _aTeoria, campo e historia de la educación | ||
| 260 |
_aMéxico, D.F. : _bConsejo Mexicano de Investigación Educativa, _c1995 |
||
| 300 | _a353 p. | ||
| 490 | _aLa investigación educativa en los ochenta, perspectivas para los noventa | ||
| 590 |
_aBATCH-UPD _b10 _c20130110 _lUCH01 _h0813 |
||
| 590 |
_aBATCH-UPD _b10 _c20130410 _lUCH01 _h0450 |
||
| 590 |
_aBATCH-UPD _b10 _c20130914 _lUCH01 _h1237 |
||
| 590 |
_aCONVERSION _b10 _c20130109 _lUCH01 _h1334 |
||
| 650 | 1 | 4 |
_aEducación _xHistoria _zMéxico. _935454 |
| 650 | 1 | 4 |
_aEducación _xInvestigación. _935457 |
| 830 | 0 |
_aLa investigación educativa en los ochenta, perspectivas para los noventa _964227 |
|
| 901 | _aBK | ||
| 942 | _cLIBRO | ||
| 949 |
_a370.0972 Q8 _bBC _cLIBRO _d33724000689436 _eLIBRO _h92386 _i67846 _sb |
||
| 999 |
_c62697 _d62697 |
||